Theres No Such Thing as Crypto Crime: An Investigative Handbook (Record no. 46576)
[ view plain ]
| 000 -LEADER | |
|---|---|
| fixed length control field | 00478nam a22001697a 4500 |
| 005 - DATE AND TIME OF LATEST TRANSACTION | |
| control field | 20260513172349.0 |
| 008 - FIXED-LENGTH DATA ELEMENTS--GENERAL INFORMATION | |
| fixed length control field | 260513b |||||||| |||| 00| 0 eng d |
| 020 ## - INTERNATIONAL STANDARD BOOK NUMBER | |
| International Standard Book Number | 9781394164820 |
| 041 ## - LANGUAGE CODE | |
| Language code of text/sound track or separate title | Eng |
| 082 ## - DEWEY DECIMAL CLASSIFICATION NUMBER | |
| Classification number | 343.099 FUR |
| 100 ## - MAIN ENTRY--PERSONAL NAME | |
| Author | Furneaux, Nick |
| 245 ## - TITLE STATEMENT | |
| Title | Theres No Such Thing as Crypto Crime: An Investigative Handbook |
| 260 ## - PUBLICATION, DISTRIBUTION, ETC. | |
| Place | New Jersey |
| Publisher | Wiley |
| Publication Year | 2025 |
| 300 ## - PHYSICAL DESCRIPTION | |
| Extent | 509;. P. 23 cm |
| 650 ## - SUBJECT ADDED ENTRY--TOPICAL TERM | |
| Subject | Social Science; Law; Cyber Law; Cyber Crime |
| 942 ## - ADDED ENTRY ELEMENTS (KOHA) | |
| Koha item type | Books |
| Withdrawn status | Lost status | Source of classification or shelving scheme | Damaged status | Not for loan | Home library | Current library | Shelving location | Accession Date | Vendor | Price | Bill number | Total Checkouts | Full call number | Barcode No | Date last seen | Discount | Cost, replacement price | Bill Date | Koha item type | Suggested By |
|---|---|---|---|---|---|---|---|---|---|---|---|---|---|---|---|---|---|---|---|---|
| Dewey Decimal Classification | IMTN | IMTN | Rack 14-B | 05/13/2026 | Raghav Books Private Limited | 3332.00 | 2630 | 343.09 FUR | 34043 | 05/13/2026 | 33 | 2232.44 | 04/30/2026 | Books | Recommended by Dr Veena Pailwar |